Statistics for Eggs 12 Ways

Click here to take the quiz!

General Stats

  • This quiz has been taken 229 times
    (223 since last reset)
  • The average score is 8 of 12

Answer Stats

Answer% Correct
Scrambled Eggs
94%
Boiled Egg
93%
Fried Egg
89%
Pickled Eggs
82%
Omelette
81%
Quiche
79%
Deviled Egg
77%
Eggs Benedict
67%
Egg Salad
55%
Frittata
31%
Balut/Balot
16%
Eggs In A Basket
8%

Score Distribution

Percentile by Number Answered

Percent of People with Each Score

Your Score History

You have not taken this quiz since the last reset